[Event "Philadelphia Open"]
[Site "Philadelphia"]
[Date "2012.04.04"]
[Round "1.3"]
[White "Aaron, Deepak"]
[Black "Erenburg, Sergey"]
[Result "0-1"]
[WhiteElo "2234"]
[BlackElo "2616"]
[PlyCount "78"]
[EventDate "2012.04.??"]
[EventType "swiss"]
[EventRounds "9"]
[EventCountry "USA"]

1. e4 c6 2. d4 d5 3. exd5 cxd5 4. c4 Nf6 5. Nc3 e6 6. Nf3 Be7 7. cxd5 Nxd5 8.
Bd3 Nc6 9. O-O O-O 10. Re1 Nf6 11. a3 b6 12. Bg5 Bb7 13. Bc2 Qd6 14. Qd3 g6 15.
Rad1 Rfd8 16. Bh4 Rac8 17. Qe3 Nd5 18. Nxd5 Bxh4 19. Nc3 Bf6 20. d5 exd5 21.
Nxd5 Na5 22. Be4 Bxb2 23. Qg5 Re8 24. Nh4 Qd8 25. Qg4 Bg7 26. Nf3 f5 27. Bxf5
Rxe1+ 28. Nxe1 gxf5 29. Qxf5 Bxd5 30. Rxd5 Qe8 31. Rd1 Rd8 32. Rxd8 Qxd8 33.
Qe6+ Kh8 34. h4 Nb7 35. Nf3 Qd1+ 36. Kh2 Qd6+ 37. Qxd6 Nxd6 38. a4 Ne4 39. Ng5
Nc5 0-1

[Event "Philadelphia Open"]
[Site "Philadelphia"]
[Date "2012.04.04"]
[Round "1.5"]
[White "Harmon Vellotti, Luke"]
[Black "Hammer, Jon Ludvig"]
[Result "0-1"]
[WhiteElo "2212"]
[BlackElo "2606"]
[PlyCount "118"]
[EventDate "2012.04.??"]
[EventType "swiss"]
[EventRounds "9"]
[EventCountry "USA"]

1. e4 e5 2. Nf3 Nc6 3. Bb5 a6 4. Ba4 Nf6 5. Qe2 b5 6. Bb3 Be7 7. c3 O-O 8. O-O
d5 9. d3 Bb7 10. Bg5 dxe4 11. dxe4 Na5 12. Rd1 Qe8 13. Bc2 Nc4 14. b3 Nd6 15.
Nbd2 Nd7 16. Bxe7 Qxe7 17. Nf1 Nf6 18. Ng3 g6 19. Qe3 Rfe8 20. h3 h5 21. a4 Nd7
22. axb5 axb5 23. Qh6 Qf8 24. Qe3 f6 25. Nh4 Kh7 26. Qe2 Qh6 27. b4 Rxa1 28.
Rxa1 Ra8 29. Rd1 Nf8 30. Bb3 Qf4 31. Nxg6 Nxg6 32. Nf5 Qg5 33. Nxd6 cxd6 34.
Rxd6 Kh6 35. Qf3 Rf8 36. Bd5 Bxd5 37. Rxd5 Nh4 38. Qg3 Rc8 39. Qxg5+ Kxg5 40.
Rc5 Rxc5 41. bxc5 Ng6 42. g3 f5 43. h4+ Kf6 44. exf5 Kxf5 45. f3 Ke6 46. Kf2
Kd5 47. g4 Nf4 48. Ke3 hxg4 49. c6 Kxc6 50. fxg4 Ng2+ 51. Ke4 Nxh4 52. Kxe5 Kc5
53. Kf4 Kc4 54. Kg5 Ng2 55. Kh5 Kxc3 56. g5 Nf4+ 57. Kg4 Ng6 58. Kf5 Nf8 59.
Kf6 Nh7+ 0-1

[Event "Philadelphia Open"]
[Site "Philadelphia"]
[Date "2012.04.04"]
[Round "1.10"]
[White "Bachmann, Axel"]
[Black "Morales, Luciana"]
[Result "1-0"]
[WhiteElo "2556"]
[BlackElo "2184"]
[PlyCount "67"]
[EventDate "2012.04.??"]
[EventType "swiss"]
[EventRounds "9"]
[EventCountry "USA"]

1. c4 e6 2. Nf3 f5 3. g3 Nf6 4. Bg2 c6 5. O-O Be7 6. d4 d5 7. b3 O-O 8. Ba3 Bd7
9. Bxe7 Qxe7 10. Nc3 Be8 11. Qc2 Nbd7 12. Rac1 Bg6 13. Qb2 a6 14. e3 b5 15. Ne5
Nxe5 16. dxe5 Ng4 17. Ne2 Qc7 18. cxd5 Nxe5 19. Rfd1 exd5 20. Nd4 Bh5 21. Nxc6
Rae8 22. Nxe5 Qxe5 23. Bxd5+ Kh8 24. Qxe5 Rxe5 25. Rd4 h6 26. b4 Rf6 27. a3 Re7
28. Rc6 Rxc6 29. Bxc6 Rc7 30. Rd6 Be2 31. Kg2 a5 32. bxa5 Ra7 33. Rd8+ Kh7 34.
Ra8 1-0

[Event "Philadelphia Open"]
[Site "Philadelphia"]
[Date "2012.04.04"]
[Round "1.12"]
[White "Friedel, Joshua E"]
[Black "Mo, Kevin"]
[Result "1-0"]
[WhiteElo "2520"]
[BlackElo "2180"]
[PlyCount "41"]
[EventDate "2012.04.??"]
[EventType "swiss"]
[EventRounds "9"]
[EventCountry "USA"]

1. e4 c5 2. Nf3 d6 3. d4 cxd4 4. Nxd4 Nf6 5. Nc3 a6 6. f4 Nbd7 7. a4 g6 8. Nf3
Qc7 9. Bd3 Bg7 10. O-O O-O 11. Qe1 Nc5 12. Kh1 Rb8 13. Qh4 Nxd3 14. cxd3 Qc5
15. f5 gxf5 16. d4 Qa5 17. Bh6 fxe4 18. Ng5 Bf5 19. b4 Qxb4 20. Rxf5 Qxc3 21.
Raf1 1-0

[Event "Philadelphia Open"]
[Site "Philadelphia"]
[Date "2012.04.04"]
[Round "1.13"]
[White "Vibbert, Sean"]
[Black "Gerzhoy, Leonid"]
[Result "0-1"]
[WhiteElo "2180"]
[BlackElo "2489"]
[PlyCount "46"]
[EventDate "2012.04.??"]
[EventType "swiss"]
[EventRounds "9"]
[EventCountry "USA"]

1. e4 c6 2. d4 d5 3. Nc3 dxe4 4. Nxe4 Bf5 5. Ng3 Bg6 6. h4 h6 7. Nf3 Nd7 8. h5
Bh7 9. Bd3 Bxd3 10. Qxd3 e6 11. Bd2 Ngf6 12. Ne4 Be7 13. O-O-O O-O 14. Nxf6+
Nxf6 15. Rh4 c5 16. Ne5 cxd4 17. Qg3 Kh8 18. Bc3 Qd5 19. Rhxd4 Qxa2 20. Qd3 Nd5
21. f4 Rad8 22. Qg3 Bf6 23. f5 Bg5+ 0-1

[Event "Philadelphia Open"]
[Site "Philadelphia"]
[Date "2012.04.04"]
[Round "1.14"]
[White "Naroditsky, Daniel"]
[Black "Shetty, Atulya"]
[Result "1/2-1/2"]
[WhiteElo "2479"]
[BlackElo "2148"]
[PlyCount "146"]
[EventDate "2012.04.??"]
[EventType "swiss"]
[EventRounds "9"]
[EventCountry "USA"]

1. e4 c5 2. Nc3 Nc6 3. g3 g6 4. Bg2 Bg7 5. d3 d6 6. Be3 e5 7. Nge2 Nge7 8. O-O
O-O 9. f4 Nd4 10. Qd2 f5 11. fxe5 dxe5 12. exf5 Nexf5 13. Bg5 Nxe2+ 14. Nxe2
Qb6 15. g4 Nd4 16. Rxf8+ Bxf8 17. c3 Nxe2+ 18. Qxe2 c4+ 19. d4 Bg7 20. Kh1 h6
21. Be3 exd4 22. Bxd4 Qe6 23. Qf2 Qxg4 24. Bxg7 Kxg7 25. Qc5 Qf5 26. Qxc4 Be6
27. Qd4+ Qf6 28. Qe3 Qf7 29. Re1 Re8 30. Kg1 Bd7 31. Qd4+ Kh7 32. Rf1 Bf5 33.
Qxa7 Re2 34. Rf2 Re1+ 35. Rf1 Re2 36. Qb6 Qe7 37. Qxb7 Qxb7 38. Bxb7 Rxb2 39.
Bd5 Rc2 40. Rf3 Kg7 41. Bb3 Rb2 42. c4 Kf6 43. Rc3 Ke7 44. c5 Kd7 45. a3 Kc7
46. Ba4 h5 47. Re3 h4 48. Re7+ Kc8 49. Bc6 Rc2 50. Bb5 Rxc5 51. a4 h3 52. Kf2
Rc2+ 53. Re2 Kc7 54. Rxc2+ Bxc2 55. a5 Be4 56. Kg3 Bg2 57. Bd3 Kc6 58. Bxg6 Kb5
59. Bf5 Kxa5 60. Bxh3 Bd5 61. Bg2 Bf7 62. Kf4 Kb6 63. Kg5 Kc7 64. Kf6 Bh5 65.
h3 Kd8 66. Bc6 Be2 67. Kf7 Bf1 68. h4 Be2 69. Be4 Bd1 70. Bg6 Be2 71. Kg7 Ke7
72. Bf5 Bd1 73. Bg6 Be2 1/2-1/2

[Event "Philadelphia Open"]
[Site "Philadelphia"]
[Date "2012.04.04"]
[Round "1.21"]
[White "Ulrich, Thomas"]
[Black "Ippolito, Dean"]
[Result "1-0"]
[WhiteElo "2090"]
[BlackElo "2452"]
[PlyCount "77"]
[EventDate "2012.04.??"]
[EventType "swiss"]
[EventRounds "9"]
[EventCountry "USA"]

1. d4 Nf6 2. c4 e6 3. Nc3 Bb4 4. e3 O-O 5. Bd3 c5 6. Nf3 d5 7. O-O cxd4 8. exd4
dxc4 9. Bxc4 b6 10. Bg5 Bb7 11. Qe2 h6 12. Bh4 Nbd7 13. Ne5 Bxc3 14. bxc3 Qc7
15. Nxd7 Nxd7 16. Rac1 a6 17. Bd3 b5 18. a4 bxa4 19. Bg3 Qc6 20. f3 Nf6 21. c4
Qd7 22. Be5 Rfd8 23. Rfd1 a3 24. Bxf6 gxf6 25. Bb1 Qe7 26. Qe3 Kg7 27. d5 Rac8
28. Qd3 Qc5+ 29. Kh1 f5 30. Qc3+ f6 31. Qe1 a2 32. Bxa2 exd5 33. Qg3+ Kh7 34.
Bb1 dxc4 35. Qf4 Rxd1+ 36. Rxd1 Re8 37. Rd7+ Re7 38. Qxf5+ Qxf5 39. Bxf5+ 1-0

[Event "Philadelphia Open"]
[Site "Philadelphia"]
[Date "2012.04.05"]
[Round "2.1"]
[White "Akobian, Varuzhan"]
[Black "Krush, Irina"]
[Result "1/2-1/2"]
[WhiteElo "2621"]
[BlackElo "2461"]
[PlyCount "88"]
[EventDate "2012.04.??"]
[EventType "swiss"]
[EventRounds "9"]
[EventCountry "USA"]
[TimeControl "6000+1280"]
[WhiteClock "0:24:40"]
[BlackClock "0:17:37"]

1. d4 Nf6 2. c4 e6 3. Nf3 Bb4+ 4. Bd2 Bxd2+ 5. Qxd2 d5 6. e3 O-O 7. Nc3 Qe7 8.
Rc1 Rd8 9. Qc2 a6 10. cxd5 exd5 11. Bd3 Nc6 12. Be2 Bg4 13. O-O Ne4 14. h3 Bh5
15. Ne5 Nb4 16. Qd1 Bxe2 17. Qxe2 f6 18. Nf3 Rd7 19. a3 Nc6 20. b4 Nxc3 21.
Rxc3 Na7 22. Rc5 Nc8 23. Rfc1 c6 24. a4 Nd6 25. Nd2 Re8 26. Qd3 f5 27. Nf3 Ne4
28. Ne5 Rdd8 29. f3 Nxc5 30. bxc5 Qf6 31. f4 Re7 32. Rf1 Rf8 33. Qb1 g5 34. Qd1
h6 35. Qh5 Rg7 36. Kh2 Qe6 37. g3 Qf6 38. Rf2 Kh7 39. Qf3 Qe6 40. a5 g4 41. Qd1
gxh3 42. Qh5 Rfg8 43. Rf3 Rg4 44. Kxh3 R4g7 1/2-1/2

[Event "Philadelphia Open"]
[Site "Philadelphia"]
[Date "2012.04.05"]
[Round "2.2"]
[White "Bartell, Thomas"]
[Black "Gelashvili, Tamaz"]
[Result "1/2-1/2"]
[WhiteElo "2365"]
[BlackElo "2619"]
[PlyCount "73"]
[EventDate "2012.04.??"]
[EventType "swiss"]
[EventRounds "9"]
[EventCountry "USA"]
[TimeControl "5400+1135"]
[WhiteClock "0:02:58"]
[BlackClock "0:16:33"]

1. Nf3 b5 2. e4 a6 3. d4 Bb7 4. Bd3 e6 5. O-O c5 6. c3 d6 7. a4 c4 8. Bc2 Nf6
9. Re1 Be7 10. axb5 axb5 11. Rxa8 Bxa8 12. Na3 Bc6 13. d5 exd5 14. exd5 Bxd5
15. Nxb5 O-O 16. Nbd4 Nbd7 17. Nf5 Re8 18. Bf4 Bf8 19. Rxe8 Qxe8 20. Ne3 Bxf3
21. Qxf3 d5 22. h3 Nb6 23. Nf5 Qe1+ 24. Kh2 Bc5 25. Be3 Bxe3 26. Qg3 Bf4 27.
Qxf4 Nbd7 28. Ne3 Qd2 29. Ba4 h6 30. Bc6 Qxb2 31. Bxd7 Nxd7 32. Nxd5 Qe2 33.
Qe3 Qxe3 34. Nxe3 Nc5 35. f3 Kf8 36. Kg3 Ke7 37. Nxc4 1/2-1/2

[Event "Philadelphia Open"]
[Site "Philadelphia"]
[Date "2012.04.05"]
[Round "2.3"]
[White "Erenburg, Sergey"]
[Black "Sarkar, Justin"]
[Result "1-0"]
[WhiteElo "2616"]
[BlackElo "2391"]
[PlyCount "197"]
[EventDate "2012.04.??"]
[EventType "swiss"]
[EventRounds "9"]
[EventCountry "USA"]
[TimeControl "6000+1090"]
[WhiteClock "0:01:54"]
[BlackClock "0:01:50"]

1. e4 c6 2. d4 d5 3. e5 Bf5 4. Nf3 e6 5. Be2 c5 6. Be3 cxd4 7. Nxd4 Ne7 8. c4
Nbc6 9. Qa4 a6 10. Nd2 Rc8 11. O-O Qd7 12. Nxf5 Nxf5 13. cxd5 Qxd5 14. Nc4 Nxe3
15. fxe3 Qc5 16. Rac1 Qa7 17. Bf3 Bc5 18. Bxc6+ bxc6 19. Nd6+ Bxd6 20. Rxc6 O-O
21. exd6 Qxe3+ 22. Kh1 Rxc6 23. Qxc6 Qd3 24. Rc1 h5 25. Qc7 e5 26. Qe7 g6 27.
h3 e4 28. d7 h4 29. Rc3 Qd2 30. Kh2 Qf4+ 31. Kg1 Qd2 32. Kh1 Qd1+ 33. Kh2 Qd2
34. a3 a5 35. Qxh4 Qd6+ 36. Rg3 Qxd7 37. Qxe4 Qc7 38. h4 Rb8 39. h5 Rb3 40. Qg4
Rxg3 41. Qxg3 Qb6 42. hxg6 fxg6 43. Qe5 Kh7 44. Kh3 Qb3+ 45. g3 a4 46. Kh4 Qc4+
47. Kg5 Qc1+ 48. Kf6 Qc6+ 49. Kf7 Qf3+ 50. Ke7 Qb7+ 51. Kd8 Qa8+ 52. Kc7 Qa7+
53. Kc6 Qa6+ 54. Kc5 Qa5+ 55. Kd4 Qb6+ 56. Kc4 Qb3+ 57. Kc5 Qc2+ 58. Qc3 Qd1
59. Kb5 g5 60. Qe3 Kh6 61. Ka5 Qc2 62. Qc3 Qd1 63. Qc6+ Kh5 64. Qe4 Qd2+ 65.
Kxa4 Qxb2 66. Qf3+ Kh6 67. Qd3 Kh5 68. Qd1+ Kh6 69. g4 Qc3 70. Qh1+ Kg7 71. Qe4
Kh6 72. Qe6+ Kg7 73. Qe7+ Kg6 74. Qe8+ Kg7 75. Qe4 Kh6 76. Qb4 Qc6+ 77. Ka5
Qa8+ 78. Kb6 Qd8+ 79. Ka7 Qd7+ 80. Ka6 Qc8+ 81. Kb6 Qd8+ 82. Kc6 Qe8+ 83. Kc7
Qf7+ 84. Kb6 Qe6+ 85. Ka5 Qe5+ 86. Ka6 Qf4 87. Qb6+ Kg7 88. Qb7+ Kf6 89. Qc6+
Ke7 90. Qc5+ Kd7 91. Qb4 Kc6 92. Qc3+ Kd5 93. Qd3+ Kc6 94. Qc3+ Kd6 95. Qb4+
Kc6 96. Ka5 Qe5+ 97. Ka4 Qf4 98. Kb3 Kd7 99. Qxf4 1-0

[Event "Philadelphia Open"]
[Site "Philadelphia"]
[Date "2012.04.05"]
[Round "2.4"]
[White "Coleman, Teddy"]
[Black "Kacheishvili, Giorgi"]
[Result "0-1"]
[WhiteElo "2356"]
[BlackElo "2612"]
[PlyCount "66"]
[EventDate "2012.04.??"]
[EventType "swiss"]
[EventRounds "9"]
[EventCountry "USA"]
[TimeControl "6000+790"]
[WhiteClock "0:12:19"]
[BlackClock "0:28:10"]

1. d4 e6 2. c4 Bb4+ 3. Nd2 Nf6 4. a3 Bxd2+ 5. Bxd2 d5 6. cxd5 exd5 7. Bg5 h6 8.
Bf4 c6 9. e3 Bf5 10. h3 Nbd7 11. g4 Bg6 12. Bd3 Qe7 13. Bxg6 fxg6 14. Qd3 O-O
15. Ne2 g5 16. Bh2 Ne4 17. O-O Rf3 18. Ng3 Raf8 19. Nxe4 dxe4 20. Qb3+ Kh7 21.
Qxb7 Rxh3 22. Qxc6 Rf6 23. Qd5 Rh4 24. Rac1 Rxg4+ 25. Kh1 Nb6 26. Qe5 Qf8 27.
Rc7 Nc4 28. Rxc4 Re6 29. f4 Rxe5 30. dxe5 Qf7 31. Rc6 Qd5 32. Rd6 Qc5 33. Rg1
Rh4 0-1

[Event "Philadelphia Open"]
[Site "Philadelphia"]
[Date "2012.04.05"]
[Round "2.5"]
[White "Hammer, Jon Ludvig"]
[Black "Kashtanov, Ruslan"]
[Result "1-0"]
[WhiteElo "2606"]
[BlackElo "2361"]
[PlyCount "141"]
[EventDate "2012.04.??"]
[EventType "swiss"]
[EventRounds "9"]
[EventCountry "USA"]
[TimeControl "6000+790"]
[WhiteClock "0:12:19"]
[BlackClock "0:28:10"]

1. d4 d6 2. e4 Nf6 3. f3 c5 4. d5 a6 5. a4 e6 6. c4 Be7 7. Ne2 Nh5 8. Nbc3 f5
9. exf5 exf5 10. f4 O-O 11. g3 Bf6 12. Bg2 Re8 13. O-O g6 14. a5 Bg7 15. Qd3
Nd7 16. Bd2 Nhf6 17. h3 Rb8 18. Kh2 b5 19. axb6 Rxb6 20. Rab1 Rb3 21. Qc2 Rb7
22. Ng1 Nf8 23. b3 Rbe7 24. Rbe1 h6 25. Qb1 Rxe1 26. Rxe1 Rxe1 27. Qxe1 Kf7 28.
Bf3 Qb6 29. Bd1 Bd7 30. Bc2 Qb8 31. Nf3 Qe8 32. Qxe8+ Bxe8 33. Kg2 Ke7 34. Nh4
Kd7 35. Nd1 h5 36. Kf3 Bf7 37. Ne3 Ne8 38. g4 hxg4+ 39. hxg4 fxg4+ 40. Nxg4 Nf6
41. Nf2 Ng8 42. Ne4 Ne7 43. b4 cxb4 44. Ba4+ Kc7 45. Nxd6 Nxd5 46. Nxf7 Nb6 47.
Bb3 a5 48. Be3 a4 49. Bxb6+ Kxb6 50. Bxa4 Kc5 51. Ke3 Kxc4 52. Nd6+ Kc3 53.
Ne4+ Kb2 54. Nc5 Bf6 55. Nf3 Be7 56. Nd3+ Ka3 57. Bc2 b3 58. Bb1 Ne6 59. Nfe5
g5 60. f5 Nc7 61. Ke4 Nb5 62. Nc4+ Ka4 63. Nb6+ Ka3 64. Nd5 Bd6 65. Kf3 Ka4 66.
Nb6+ Ka5 67. Nc4+ Ka4 68. Nxd6 Nxd6 69. f6 Kb5 70. Kg4 Nf7 71. Kf5 1-0

[Event "Philadelphia Open"]
[Site "Philadelphia"]
[Date "2012.04.05"]
[Round "2.6"]
[White "Goletiani, Rusudan"]
[Black "Kaidanov, Gregory"]
[Result "0-1"]
[WhiteElo "2344"]
[BlackElo "2598"]
[PlyCount "132"]
[EventDate "2012.04.??"]
[EventType "swiss"]
[EventRounds "9"]
[EventCountry "USA"]
[TimeControl "6000+790"]
[WhiteClock "0:12:19"]
[BlackClock "0:28:10"]

1. Nf3 d5 2. c4 d4 3. e3 Nc6 4. exd4 Nxd4 5. Nxd4 Qxd4 6. Be2 Nh6 7. O-O g6 8.
Na3 Bg7 9. Nc2 Qd8 10. d4 Nf5 11. d5 O-O 12. Bd3 c6 13. Bxf5 Bxf5 14. Ne3 Bd7
15. Qe2 cxd5 16. Nxd5 e6 17. Nf4 Bc6 18. Rb1 Qd4 19. Be3 Qe5 20. b3 Rfd8 21.
Rbd1 Bh6 22. Qg4 Bg7 23. Rxd8+ Rxd8 24. Rd1 Rxd1+ 25. Qxd1 h5 26. Nd3 Qa5 27.
a4 Be4 28. Nc5 Bc2 29. Qc1 Bb2 30. Nxb7 Qb4 31. Qd2 Qxd2 32. Bxd2 Bxb3 33. Be3
a6 34. c5 Bxa4 35. f3 Kf8 36. Kf2 Bc3 37. Ke2 Bb5+ 38. Kd1 Ke7 39. Kc2 Be5 40.
f4 Bc7 41. g3 f6 42. Kc3 Bc6 43. Nd6 Bxd6 44. cxd6+ Kxd6 45. Bd4 e5 46. fxe5+
fxe5 47. Bb6 Bb5 48. Kd2 Kd5 49. Ke3 Bd7 50. Bd8 Bf5 51. Bc7 Bb1 52. Bd8 Kc4
53. Bc7 e4 54. h3 Kb4 55. Bd6+ Kb5 56. g4 hxg4 57. hxg4 a5 58. Kd4 Ka4 59. Kc4
Bd3+ 60. Kc3 Bf1 61. Bc5 Ba6 62. Kd4 Kb3 63. Kxe4 a4 64. Ke3 a3 65. Kd2 Kb2 66.
Bd4+ Kb1 0-1

[Event "Philadelphia Open"]
[Site "Philadelphia"]
[Date "2012.04.05"]
[Round "2.7"]
[White "Shankland, Samuel L"]
[Black "Burnett, Ronald"]
[Result "1/2-1/2"]
[WhiteElo "2580"]
[BlackElo "2352"]
[PlyCount "147"]
[EventDate "2012.04.??"]
[EventType "swiss"]
[EventRounds "9"]
[EventCountry "USA"]
[TimeControl "6000+790"]
[WhiteClock "0:12:19"]
[BlackClock "0:28:10"]

1. Nf3 Nf6 2. c4 e6 3. g3 d5 4. Bg2 d4 5. O-O Nc6 6. d3 Be7 7. Na3 O-O 8. Nc2
a5 9. e3 dxe3 10. Bxe3 e5 11. Qe2 Re8 12. Rad1 Bd6 13. d4 exd4 14. Ncxd4 Nxd4
15. Nxd4 Bg4 16. Bf3 Qc8 17. Rd3 Bc5 18. Rfd1 c6 19. Nb3 Bxe3 20. Rxe3 Rxe3 21.
Qxe3 Bxf3 22. Qxf3 Qc7 23. Kg2 Qe5 24. Rd2 a4 25. Re2 Qd6 26. Nd2 h6 27. Ne4
Nxe4 28. Rxe4 Rd8 29. Qe3 Kh7 30. Qb6 Rd7 31. Qa5 b5 32. Qc3 Qc5 33. a3 Rd6 34.
Rf4 Kg8 35. h4 Re6 36. cxb5 Qxc3 37. bxc3 cxb5 38. c4 b4 39. axb4 a3 40. Rd4 a2
41. Rd8+ Kh7 42. Ra8 Re2 43. b5 Rc2 44. b6 Rxc4 45. Rxa2 Rb4 46. Ra6 Kg6 47.
b7+ f6 48. Ra7 Kf5 49. Kf3 Rb3+ 50. Ke2 g5 51. Kd2 gxh4 52. gxh4 Ke4 53. Kc2
Rb6 54. Kc3 Kf3 55. h5 f5 56. Kd4 Kxf2 57. Ke5 Kg3 58. Kxf5 Kh4 59. Ra6 Rxb7
60. Kg6 Rb5 61. Ra4+ Kg3 62. Re4 Rb6+ 63. Kg7 Kf3 64. Rd4 Kg3 65. Kh7 Rc6 66.
Re4 Kf3 67. Rd4 Kg3 68. Kg7 Rb6 69. Kf7 Rb5 70. Kg6 Rb6+ 71. Kg7 Rc6 72. Re4
Kf3 73. Re1 Kg4 74. Re5 1/2-1/2

[Event "Philadelphia Open"]
[Site "Philadelphia"]
[Date "2012.04.05"]
[Round "2.8"]
[White "Vucic, Mladen"]
[Black "Stripunsky, Alexander"]
[Result "0-1"]
[WhiteElo "2328"]
[BlackElo "2566"]
[PlyCount "46"]
[EventDate "2012.04.??"]
[EventType "swiss"]
[EventRounds "9"]
[EventCountry "USA"]
[TimeControl "6000+790"]
[WhiteClock "0:12:19"]
[BlackClock "0:28:10"]

1. d4 d5 2. Nf3 Nc6 3. c4 Bg4 4. cxd5 Bxf3 5. gxf3 Qxd5 6. e3 e5 7. Nc3 Bb4 8.
Bd2 Bxc3 9. bxc3 Qd6 10. Bg2 Nge7 11. f4 exf4 12. e4 f6 13. Qg4 g5 14. h4 h5
15. Qf3 O-O-O 16. hxg5 fxg5 17. Rxh5 Ne5 18. Qe2 Rxh5 19. Qxh5 c5 20. d5 Qf6
21. Bf1 g4 22. Qh1 Rh8 23. Qg2 Rh2 0-1

[Event "Philadelphia Open"]
[Site "Philadelphia"]
[Date "2012.04.05"]
[Round "2.9"]
[White "Panchanathan, Magesh Chandran"]
[Black "Kavutskiy, Konstantin"]
[Result "1/2-1/2"]
[WhiteElo "2557"]
[BlackElo "2302"]
[PlyCount "125"]
[EventDate "2012.04.??"]
[EventType "swiss"]
[EventRounds "9"]
[EventCountry "USA"]
[TimeControl "6000+790"]
[WhiteClock "0:12:19"]
[BlackClock "0:28:10"]

1. e4 e5 2. Nf3 Nc6 3. Bb5 a6 4. Ba4 Nf6 5. O-O b5 6. Bb3 Bb7 7. d3 Bd6 8. a4
h6 9. Nc3 b4 10. Ne2 Na5 11. Ba2 O-O 12. Bd2 Re8 13. Ng3 Bf8 14. Re1 c5 15. Nh4
d5 16. exd5 Bxd5 17. Bxd5 Qxd5 18. Nhf5 c4 19. Ne4 Re6 20. Qf3 Nxe4 21. Rxe4
cxd3 22. Qxd3 Qxd3 23. cxd3 Nb3 24. Rd1 a5 25. Be3 g6 26. Nxh6+ Bxh6 27. Bxh6
Nc5 28. Re2 Nxa4 29. Be3 f6 30. d4 Rd6 31. Ra1 Nb6 32. dxe5 fxe5 33. Bxb6 Rxb6
34. b3 Rb5 35. g3 Rd8 36. Rae1 Rdd5 37. Re4 Kf7 38. R1e3 Rbc5 39. Kg2 Kf6 40.
Rf3+ Ke7 41. Rh4 Rd4 42. Rh7+ Ke6 43. Rg7 Kd5 44. Rxg6 Rc3 45. Ra6 Ke4 46. Rf7
Rd5 47. Rfa7 Rxb3 48. Rxa5 Rbd3 49. Rxd5 Kxd5 50. Rb7 Kc4 51. h4 b3 52. h5 Kc3
53. g4 Rd4 54. f3 b2 55. Rxb2 Kxb2 56. Kg3 Kc3 57. g5 Rd1 58. Kg4 Kd4 59. h6
Rh1 60. Kf5 Ke3 61. Kxe5 Kxf3 62. Kf6 Kf4 63. Kg7 1/2-1/2

[Event "Philadelphia Open"]
[Site "Philadelphia"]
[Date "2012.04.05"]
[Round "2.10"]
[White "Santarius, Erik F"]
[Black "Bachmann, Axel"]
[Result "0-1"]
[WhiteElo "2292"]
[BlackElo "2556"]
[PlyCount "46"]
[EventDate "2012.04.??"]
[EventType "swiss"]
[EventRounds "9"]
[EventCountry "USA"]
[TimeControl "6000+790"]
[WhiteClock "0:12:19"]
[BlackClock "0:28:10"]

1. e4 c5 2. Nf3 e6 3. c3 Nf6 4. e5 Nd5 5. d4 cxd4 6. Qxd4 Nc6 7. Qe4 f5 8. exf6
Nxf6 9. Qc2 d5 10. Bb5 Bd6 11. O-O O-O 12. Re1 e5 13. Bxc6 bxc6 14. Nxe5 Bxe5
15. Rxe5 Ng4 16. Rh5 g6 17. Rh3 Rxf2 18. Qd1 Qb6 19. Qd4 Qxd4 20. cxd4 Ba6 21.
Rf3 Re8 22. Bd2 Ree2 23. Rg3 Re1+ 0-1

[Event "Philadelphia Open"]
[Site "Philadelphia"]
[Date "2012.04.05"]
[Round "2.11"]
[White "Shabalov, Alexander"]
[Black "Troff, Kayden"]
[Result "1-0"]
[WhiteElo "2523"]
[BlackElo "2297"]
[PlyCount "59"]
[EventDate "2012.04.??"]
[EventType "swiss"]
[EventRounds "9"]
[EventCountry "USA"]
[TimeControl "6000+790"]
[WhiteClock "0:12:19"]
[BlackClock "0:28:10"]

1. e4 c5 2. Nf3 d6 3. d4 cxd4 4. Nxd4 Nf6 5. Nc3 a6 6. Be3 e6 7. g4 e5 8. Nf5
Nc6 9. Qe2 g6 10. O-O-O gxf5 11. exf5 h5 12. f3 hxg4 13. fxg4 Qa5 14. Bg2 Bd7
15. g5 Rc8 16. a3 Nh5 17. Qf2 Nd4 18. Rxd4 exd4 19. Bxd4 Bg7 20. Nd5 Bxd4 21.
Qxd4 Rxc2+ 22. Kxc2 Bxf5+ 23. Kd1 Rg8 24. Re1+ Be6 25. h4 Kd7 26. Re3 Re8 27.
Rc3 Qb5 28. a4 Qa5 29. Nb6+ Ke7 30. Rc7+ 1-0

[Event "Philadelphia Open"]
[Site "Philadelphia"]
[Date "2012.04.05"]
[Round "2.12"]
[White "Nemcova, Katerina"]
[Black "Friedel, Joshua E"]
[Result "0-1"]
[WhiteElo "2275"]
[BlackElo "2520"]
[PlyCount "148"]
[EventDate "2012.04.??"]
[EventType "swiss"]
[EventRounds "9"]
[EventCountry "USA"]
[TimeControl "6000+790"]
[WhiteClock "0:12:19"]
[BlackClock "0:28:10"]

1. e4 e5 2. Nf3 Nc6 3. Bb5 a6 4. Ba4 Nf6 5. O-O Be7 6. Re1 d6 7. c3 Bg4 8. d3
Nd7 9. h3 Bh5 10. Nbd2 Nc5 11. Bc2 Ne6 12. Nf1 Ng5 13. Bxg5 Bxg5 14. Ng3 Bxf3
15. Qxf3 O-O 16. Rad1 g6 17. d4 Qe7 18. Ne2 b5 19. Qg3 Na5 20. b3 Rad8 21. Rf1
c5 22. d5 Nb7 23. Qh2 Qf6 24. Rd3 h5 25. Kh1 h4 26. Rf3 Qe7 27. g3 Kg7 28. gxh4
Bxh4 29. Rg1 Rh8 30. Bd1 Rh6 31. Ng3 Bxg3 32. Rfxg3 Qf6 33. Bg4 Qf4 34. Qg2
Rdh8 35. Rf3 Qd2 36. Bd7 Nd8 37. a4 bxa4 38. bxa4 Rh4 39. Rg3 R8h6 40. Rb1 Rf4
41. Kg1 Kf6 42. Rf3 Rhh4 43. Bg4 Rh8 44. Rxf4+ exf4 45. Rb6 Qxc3 46. Rxd6+ Kg7
47. Bf5 Qa1+ 48. Kh2 Qe5 49. Rxa6 f3+ 50. Qg3 Qxg3+ 51. Kxg3 gxf5 52. e5 c4 53.
Ra7 Kg6 54. Rc7 Re8 55. Kf4 f6 56. exf6 Re4+ 57. Kxf3 Nf7 58. a5 Ne5+ 59. Kg2
Kxf6 60. a6 Re2 61. Kf1 Ra2 62. f4 Nf3 63. a7 Nd2+ 64. Ke1 Ne4 65. h4 Ra1+ 66.
Ke2 Nc3+ 67. Kf3 Nxd5 68. Rc6+ Kf7 69. Rc5 Ke6 70. Rc6+ Kd7 71. Rxc4 Rxa7 72.
Rd4 Ke6 73. Kf2 Rh7 74. Kg3 Rg7+ 0-1

[Event "Philadelphia Open"]
[Site "Philadelphia"]
[Date "2012.04.05"]
[Round "2.77"]
[White "Liang, Awonder"]
[Black "Vibbert, Sean"]
[Result "0-1"]
[WhiteElo "1880"]
[BlackElo "2180"]
[PlyCount "116"]
[EventDate "2012.04.??"]
[EventType "swiss"]
[EventRounds "9"]
[EventCountry "USA"]
[TimeControl "6000+790"]
[WhiteClock "0:12:19"]
[BlackClock "0:28:10"]

1. e4 c5 2. Nf3 Nc6 3. d4 cxd4 4. Nxd4 Nf6 5. Nc3 d6 6. Bg5 e6 7. Qd2 Be7 8.
O-O-O Nxd4 9. Qxd4 O-O 10. Bc4 Qa5 11. Bd2 Qc5 12. Qxc5 dxc5 13. Bf4 a6 14. a4
b5 15. axb5 axb5 16. Bxb5 Ng4 17. Rhf1 g5 18. Bg3 f5 19. exf5 exf5 20. Bc7 Ra1+
21. Kd2 Ra7 22. Nd5 Bf6 23. Bb6 Rb7 24. Bc6 Rxb6 25. Nxb6 Bxb2 26. Nxc8 Rxc8
27. Bd5+ Kg7 28. h3 Nf6 29. c4 Rd8 30. Kc2 Bd4 31. Rfe1 Nxd5 32. cxd5 Rxd5 33.
Kb3 Rd7 34. Kc4 Ra7 35. f3 Ra2 36. g4 Rc2+ 37. Kd5 Rc3 38. Re7+ Kg6 39. gxf5+
Kxf5 40. Rxd4 cxd4 41. Kxd4 Ra3 42. Rxh7 Kg6 43. Rb7 Rxf3 44. Ke4 Rxh3 45. Rb8
Kh5 46. Rh8+ Kg4 47. Rg8 Rh1 48. Ke3 Rf1 49. Ke2 Rf7 50. Ke1 Kh4 51. Ra8 g4 52.
Ra4 Kh3 53. Ke2 g3 54. Ra8 Kh2 55. Rh8+ Kg1 56. Rg8 g2 57. Rg6 Re7+ 58. Kf3 Kf1
0-1